[Event "Madrid Magistral 6th"]
[Site "Madrid"]
[Date "1997.05.23"]
[Round "3"]
[White "Polgar, Judit"]
[Black "San Segundo Carrillo, Pablo"]
[Result "1-0"]
[WhiteElo "2645"]
[BlackElo "2505"]
[Annotator "Gofshtein,L"]
[PlyCount "75"]
[EventDate "1997.06.??"]
[EventType "tourn"]
[EventRounds "9"]
[EventCountry "ESP"]
[EventCategory "17"]
[SourceTitle "CBM 059"]
[Source "ChessBase"]
[SourceDate "1997.08.01"]
[SourceVersion "1"]
[SourceVersionDate "1997.08.01"]
[SourceQuality "1"]

1. e4 c5 2. Nf3 Nc6 3. d4 cxd4 4. Nxd4 Nf6 5. Nc3 d6 6. Bg5 e6 7. Qd2 a6 8.
O-O-O h6 9. Be3 Be7 10. f4 Nxd4 11. Bxd4 b5 12. Qe3 Qc7 13. e5 dxe5 14. fxe5
Nd7 15. Ne4 Bb7 16. Nd6+ Qxd6 17. exd6 Bg5 18. Qxg5 hxg5 19. Bxg7 Rh4 20. Bd4
f5 21. Bf2 Rh7 22. h4 $1 $146 (22. a4 Bc6 23. h4 Nf6 24. Bd3 Ng4 25. Bg3 gxh4
26. Rxh4 Rxh4 27. Bxh4 Kd7 28. Bg3 Rf8 29. axb5 axb5 30. Rh1 Rf7 (30... f4 $2
31. Rh4 $1 fxg3 32. Rxg4 $16) 31. c4 $2 (31. Be2 $5 Bxg2 32. Bxb5+ Bc6 33.
Bxc6+ Kxc6 $44) 31... bxc4 $2 (31... f4 $1 32. Bg6 Rg7 33. Bxf4 Rxg6 34. Rh7+
Kd8 $17) 32. Bxc4 Bxg2 33. Re1 Rf6 34. Bf4 $1 $11 {M.Ferguson-S.Kiselev,
Benasque96}) 22... Nf6 23. Bd3 g4 (23... Ng4 $6 24. Bg3 gxh4 25. Rxh4 Rxh4 26.
d7+ $1 Kxd7 27. Bxf5+ Ke8 (27... Kc6 28. Be4+ Kb6 29. Rd6+ Kc5 (29... Ka7 30.
Rd7) (29... Kc7 30. Bxb7 Kxb7 31. Bxh4 $16) (29... Ka5 30. Bxh4 Bxe4 31. Be1+
b4 32. Rd4 Nf6 33. Rxb4 $18) 30. Bxb7 Rh1+ 31. Kd2 Ra7 32. c3 $18) 28. Bg6+ Kf8
29. Bxh4 $16) 24. Rhe1 Kd7 25. g3 Bd5 $6 (25... Ne4 26. Bxe4 Bxe4 27. Be3 Rc8
28. Rd2 Rc6 29. Bf4 $16) (25... Be4 26. Bd4 Bxd3 27. Bxf6 Be4 28. Be5 $16) 26.
b3 Kxd6 $2 (26... Rc8 27. Kb2 Ne4 $14) 27. c4 bxc4 28. bxc4 Rc7 29. Kb2 Rb8+
30. Ka1 Bf3 31. Bxf5+ Bxd1 32. Rxe6+ $1 Kd7 33. Rb6+ $18 Ke7 34. Rxb8 Rxc4 35.
Be3 Nd5 36. Bg5+ Kd6 37. h5 Bc2 38. Rc8 1-0

[Event "GER-ch 75th"]
[Site "Hoeckendorf"]
[Date "2004.02.02"]
[Round "4"]
[White "Mainka, Romuald"]
[Black "Kritz, Leonid"]
[Result "0-1"]
[WhiteElo "2456"]
[BlackElo "2534"]
[Annotator "Gofshtein,L"]
[PlyCount "114"]
[EventDate "2004.01.30"]
[EventType "swiss"]
[EventRounds "9"]
[EventCountry "GER"]
[SourceTitle "CBM 100"]
[Source "ChessBase"]
[SourceDate "2004.06.01"]
[SourceVersion "1"]
[SourceVersionDate "2004.06.01"]
[SourceQuality "1"]

1. e4 {[%mdl 4]} c5 2. Nf3 d6 3. d4 cxd4 4. Nxd4 Nf6 5. Nc3 Nc6 6. Bg5 e6 7.
Qd2 a6 8. O-O-O h6 9. Nxc6 $5 bxc6 10. Bf4 d5 11. Qe3 Bb4 {One of the main
lines. The other line 11...Be7 led to some problems for black as the
tournament practice showed, for example:} (11... Be7 12. Be2 Bb7 (12... O-O 13.
h4 Ne8 14. Kb1 Nd6 15. Bd3 Re8 16. Qg3 Kh8 17. Be5 Bf8 18. Rhe1 a5 19. exd5
cxd5 20. Nxd5 {1-0 Shchekachev,A-Lopushnoy,D/Tomsk 1998/CBM 67 noVC (20)}) 13.
Qg3 g6 14. Bc7 $1 Qc8 15. Bf3 O-O 16. Na4 Nd7 17. Kb1 a5 18. c4 $16 {
Shekachev-Pochikeev,1997 Smolensk}) 12. a3 {The other move also deserves
attention, for example:} (12. Be2 $5 Bxc3 $6 (12... Qa5 $5) 13. Qxc3 Nxe4 14.
Qxg7 Qf6 15. Qxf6 Nxf6 16. Be5 $36 {1-0 Sutovsky,E-Gershon,A/New York 1998/CBM
64/[Gofshtein,L] (55). (54)} (16. Rd3 $5)) 12... Ba5 (12... Be7 {how shown
under mentioned games after 12...Be7 black had serious problems.} 13. Be2 O-O (
13... Nd7 14. h4 O-O (14... e5 15. Bxe5 $1 Nxe5 16. exd5 $16) 15. Qg3 $36 {
1-0 Shchekachev,A-Lomineishvili,M/Smolensk 1997/CBM 58 ext (50)}) 14. Qg3 Kh8
15. Bc7 Qd7 16. Be5 $16 {0-1 Botvinnik,I-Greenfeld,A/Rishon Le Zion 1997/CBM
62 ext (35)}) (12... Bxc3 $6 {Leads to a worse endgame by force.} 13. Qxc3 Nxe4
14. Qxg7 Qf6 15. Qxf6 $36 Nxf6 {1-0 Goloshchapov,A-Kosteniuk,A/Moscow 2002/CBM
88/[Gershon] (58)}) (12... Be7 {is the better move}) 13. Be2 O-O (13... Bb7 14.
Qg3 Bxc3 15. Qxc3 Nxe4 16. Qxg7 Qf6 17. Qxf6 Nxf6 18. Rd3 $16 Ne4 19. Rf1 $1 {
Greenfeld.A-Vydeslaver.A Israel 1998}) 14. e5 (14. exd5 cxd5 15. Be5 Bc7 16. f4
Rb8 $132) 14... Nd7 {14...Bc3 looks worse.} (14... Bxc3 $5 15. Qxc3 Ne4 {
[%cal Re4f2,Re4c3]} 16. Qe3 f6 17. f3 fxe5 18. Bxe5 $16 {1/2-1/2 Degraeve,
J-Apicella,M/Besancon 1999/CBM 73/[Gofshtein,L] (45)}) 15. Qg3 Bc7 $5 {15...
Kh8 was also met, which gives white good attacking possibilities after:} (15...
Kh8 16. Qh3 f6 17. Bxh6 Nxe5 18. Bd3 $6 (18. Bd2+ $5 Kg8 19. f4 Nf7 20. Bd3 Nh6
21. Qh5 $36) 18... Nxd3+ $132 {0-1 Sebag,M-Te Llalemand,R/France 2001/EXT 2002
(46)}) (15... Bxc3 16. Qxc3 $16) 16. Rhe1 $5 $146 {[%mdl 8] White activizes
his rook by bringing it to the centre.} (16. Kb1 Bb8 17. Rhe1 f5 18. Bh5 Ra7
19. Bxh6 Bxe5 $132 {1/2-1/2 Brueggemann,J-Lanka,Z/Germany 2002/EXT 2004 (30)})
16... f6 $5 {By sacrificing the pawn black tries to get a strong centre and to
fight for the initiative.} 17. Bxh6 {White accpets the challenge. 17.exf6 is
worse, black gets a good game in this case.} (17. exf6 $6 Bxf4+ 18. Qxf4 e5 19.
Qg3 Rxf6) 17... Qe7 (17... Rf7 18. Bh5 Re7 19. f4 $16) 18. Bh5 {White returns
the pawn but seizes the initiative. White could have kept his extra pawn with
18.exf6, but then black would have been compensated by his strong centre.} (18.
exf6 $5 Nxf6 19. Qg6 e5 20. f3 $44) 18... Bxe5 (18... fxe5 $2 19. Bg5 Nf6 20.
Bg6 e4 21. Qh4 Rb8 22. Re3 $40) (18... Nxe5 $5 {Deserved serious attention,
bringing the knight to the game, other pieces could enter the game by Bd7,
Ra7-b7, Rf8-b8. As the analysis shows black has good chances to receive
counterplay.} 19. Bf4 Ra7 $132) 19. Bf4 Bxf4+ (19... Rb8 20. Bg6 Bxf4+ 21. Qxf4
Ne5) 20. Qxf4 e5 {It was probably better to start the advance with the other
pawn. After 20...f5 black has a good game.} (20... f5 $5 21. Bf3 (21. Qg3 Qf6
22. f4 Nc5) 21... Bb7 22. h4 e5 $132) 21. Qh4 Rd8 $6 {Black defends against
Bg6 but loses an important tempo. The energetic 24...g5 was called for, not
letting white to attack black's centre.} (21... g5 $5 22. Qg3 Nc5 23. h4 Qh7
$132) 22. f4 $5 {White uses the break he has been given and immideatly attacks
the black centre.} e4 {[%mdl 16]} 23. f5 (23. Ne2 Nf8) 23... Nf8 24. Bg6 Be6 (
24... Rb8) 25. Ne2 (25. Re3 $5 Nxg6 (25... Qc5 26. Rh3 Nxg6 27. Qh7+ Kf8 28.
fxe6 Nf4 29. Qh8+ Ke7 30. Qxg7+ Kxe6) 26. fxg6 Qb7 27. Ne2 $16) 25... Bf7 26.
Bxf7+ Kxf7 27. Nf4 $6 {White loses his way. 27.Nd4 was stronger and as the
variations show he has the initiative.} (27. Nd4 $5 Qd7 (27... Qc7 28. Re3 $36
c5 29. Qh5+ Kg8 30. Ne6 Nxe6 31. fxe6 Qf4 32. Qf7+ Kh8 33. Rde1 d4 34. Qh5+ Kg8
35. g3 Qxe3+ 36. Rxe3 dxe3 37. Qf7+ Kh8 38. e7 Re8 39. Kd1 $18) 28. g4 c5 29.
Nb3 c4 (29... Qb5 30. g5 Rab8 31. g6+ Ke7 32. Rxe4+ $18) 30. Nd4 c3 31. g5
cxb2+ 32. Kb1 $36) 27... Qe5 $5 {Centralizing the queen. After this strong
move black has at least counter chances.} 28. Qg4 Kg8 29. Re3 Rab8 $5 {[%csl
Yb2][%cal Rb8b2,Ye5b2]} 30. c3 (30. Nd3 Qd6) 30... Rd7 {[%cal Rd7b7,Rd7g7]
Protecting g7 and transfering the rook to the b-file.} 31. Nh5 $6 (31. Ng6 Nxg6
32. fxg6 Rdb7 33. Rd2 Kf8 34. Qh4 Ke7 $132) 31... Rbb7 {Strengthening the
defence and preparing the advance in the centre with c5.} 32. h4 Rf7 33. Qf4 $6
{It was necessary to admit the mistake and bring back the knight.} (33. Nf4 $5)
33... Nd7 $5 {[%cal Rd7e5,Rd7c5] Black is gradually taking over the initiative.
} 34. Qg4 (34. g4 Rb3 $1 35. Kc2 Nc5 $36 {[%cal Rf7b7]}) 34... Qb8 $1 {[%cal
Rb7b2,Yd7e5] Attacking over the b-file and allowing the e5 square for the
black knight.} 35. Rd2 Ne5 $17 36. Qe2 Rfe7 $1 {Black has a stable initiative
and now he prepares Nc4.} (36... Nc4 37. Rxe4 $1 dxe4 38. Qxc4) 37. Nf4 Nc4 38.
Ng6 Re8 $19 39. g4 {White is defenceless.} (39. Qh5 Rxb2 40. Qh8+ Kf7 $19)
39... Qa7 40. Rg3 Nxd2 41. Qxd2 e3 {Black is converting his material and
positional advantage very well.} 42. Qe2 Qc5 {[%cal Rd5d4] Activizing the
queen and creating new threats.} 43. Nf4 Re4 {Activizing the rook. 43...d4
also doesn't look bad.} (43... d4 $5) 44. Nd3 Qd6 {44...Qc4 probably led to a
quicker win.} (44... Qc4 $5 45. Rxe3 Rbe7 46. Rxe4 Rxe4 47. Qd1 Rxg4 $19) 45.
Rg1 (45. Rxe3 Rbe7 46. Rxe4 Rxe4 47. Qg2 Re3) 45... Rbe7 46. h5 c5 $5 {Black
got his pawn into action and breaks white's blockade.} (46... d4 47. c4) 47. g5
fxg5 48. Rxg5 c4 {Throwing white's knight further away.} 49. Ne1 Rf4 {[%cal
Rf4f2] Black is looking for a further activization of his pieces.} 50. Rg6 Qe5
51. h6 Rf2 52. Qg4 Rxf5 53. Rxa6 (53. hxg7 e2 54. Qh3 Rxg7 $19) 53... Qe4 54.
Qh3 g5 $1 {Closing the h-file and breaking white's last hopes.} 55. Qh5 Rf1 56.
Qxg5+ Kh7 57. Qg3 Qd3 {There is no defence against 58...Qd2, white resigned.}
0-1

[Event "Groningen Harmonie"]
[Site "Groningen"]
[Date "2003.12.30"]
[Round "9"]
[White "Nijboer, Friso"]
[Black "Werle, Jan"]
[Result "1-0"]
[WhiteElo "2577"]
[BlackElo "2409"]
[Annotator "Gofshtein,L"]
[PlyCount "107"]
[EventDate "2003.12.21"]
[EventType "tourn"]
[EventRounds "9"]
[EventCountry "NED"]
[EventCategory "10"]
[SourceTitle "CBM 099"]
[Source "ChessBase"]
[SourceDate "2004.03.30"]
[SourceVersion "1"]
[SourceVersionDate "2004.03.30"]
[SourceQuality "1"]

1. e4 {[%mdl 4]} c5 2. Nf3 d6 3. d4 cxd4 4. Nxd4 Nf6 5. Nc3 Nc6 6. Bg5 e6 7.
Qd2 a6 8. O-O-O h6 9. Be3 Be7 10. f4 Nxd4 11. Bxd4 b5 12. Qe3 $5 {After that
white started to play 12.Qe3 the variation that was popular once almost
stopped being played on a high level. In case of 12.Bd3 black usually gets
fine counterplay.} (12. Bd3) (12. Bd3 b4 (12... Bb7 13. Rhe1 O-O 14. Kb1 $13)
13. Na4 (13. Ne2 {Wieder eine gesunde Strategie - der Springer steht im
Zentrum besser.} Qa5 (13... e5 14. Be3 (14. fxe5 dxe5 15. Bxe5 Qa5) 14... Qa5 (
14... Rb8 $132 {Dvoirys,S-Serper,G/Novgorod op (07) ;EXP 49 1995/1/2-1/2 (64)
Boensch})) 14. Kb1 (14. Bxf6 $6 {sicher nicht (,,eine antipositionelle Idee" W.
Gavrikow)} Bxf6 15. Bc4 O-O 16. Qxd6 Bb7 {mit gutem Spiel für Schwarz,
Short-Salow, Madrid 1995}) (14. a3 {Har Zvi,R} e5 15. Be3 Rb8) 14... e5 {
0-1 Huebner,R-Kramnik,V/Dortmund 1996/CBM 54/[Kramnik] (27)}) 13... Rb8 14. e5
dxe5 15. Bxe5 Bd7 $44 {0-1 Polgar,J-Kramnik,V/Moscow 1996/CBM 52 ext (65)})
12... Qc7 13. e5 dxe5 14. fxe5 $5 (14. Bxe5 $6 Ng4 15. Qf3 Nxe5 16. Qxa8 Nd7
17. g3 Nb6 18. Qf3 Bb7 $36 {Ivanchuk,V-Kramnik,V/Dos Hermanas/1996/0:1/32/ (24)
}) 14... Nd7 15. Ne4 Bb7 16. Nd6+ $5 Qxd6 17. exd6 Bg5 18. Qxg5 hxg5 {[%mdl
4096] After a seria of forced moves the game transformed into a known
theoretical endgame in which as the practice shows white has positional (the
pair of bishops) and a material advantage (extra pawn).} 19. Bxg7 Rh4 20. Bc3 (
20. Bd4 $5 f5 21. Bf2 (21. b3 Rc8 $6 (21... Kf7 $5 22. h3 e5 23. Bf2 Rh6 $44)
22. Kb2 $14 {1/2-1/2 Short,N-Anand,V/Dos Hermanas 1997/CBM 59/[Gofshtein,L] 
(48)}) 21... Rh7 22. a4 Bc6 23. h4 Nf6 24. Bd3 Ng4 25. Bg3 gxh4 26. Rxh4 Rxh4
27. Bxh4 Kd7 $44 {Ferguson,M-Kiselev,S/Benasque/1996/}) 20... Rc8 (20... Bd5 $5
21. h3 Nc5 {Klovans,J-Vekshenkov,N/URS/1987/ (28)} 22. Be1 $5) (20... f6 $5 21.
Be1 Rh6 22. h4 Kf7 23. Rh3 gxh4 24. Rxh4 Rxh4 25. Bxh4 Rg8 $132 {1/2-1/2 Adams,
M-Smirin,I/Cap d'Agde 1996/CBM 55 ext (44)}) 21. h3 $5 {The idea is to create
a passed pawn on the kingside after 22.Rh2 23.g3 and 24.h4} (21. Be1 $5 Ra4 (
21... Be4 22. Rd2 Rh7 $13) (21... Rh6 22. h4 e5 $13) 22. h4 Be4 23. Rd2 Nc5 24.
d7+ $1 (24. hxg5 Nb3+ $1) 24... Nxd7 25. hxg5 $16) 21... Bd5 {[%cal Rd5a2,
Rd5c4] With two ideas: either to take the pawn on a2 or to exchange the light
sqaured bishops with 22...Bc4} 22. Rh2 $5 {White sacrifices the pawn on a2 and
prepares 23.g3} Bxa2 $6 $146 {A novelty, not a very successful one. In the
game given below black played more energetic} (22... Re4 $1 23. Bd3 (23. g4 Nc5
$44 24. Bg2 Re2) 23... Rf4 $1 (23... Re3 24. Kd2 Rg3 25. Rg1 {/\Ke2-f2/}) 24.
Bd2 Rf2 25. Bxg5 Ne5 $1 $40 (25... Rxg2 26. Rxg2 Bxg2 27. h4 Ne5 $14 {
Adams-Svidler,Tilburg 96})) (22... Rf4 23. g4 $16) 23. g3 {[%cal Rf1g2,Rg2b7]
White carries out his plan - creation of a passed pawn on the kingside and
frees the g2 square for the bishop} Ra4 {Retreating with the rook alomg the
h-file deserved attention} (23... Rh6 $5 24. Bg2 (24. Bd2 f6 25. h4 Bd5 $132)
24... f5 25. Ba5 (25. Bb7 Rxc3 (25... Rb8 26. Bxa6 Rb6 27. Bc8 Bd5 $132) 26.
bxc3 a5 27. h4 Bc4 28. Rdh1 g4 $44)) 24. h4 gxh4 (24... Bd5 $6 25. hxg5 Nc5 26.
b4 $1 Nb7 27. Be5 $36) 25. Rxh4 $5 (25. gxh4 $5 Bd5 26. Bd3 Nc5 27. Kd2 Nxd3
28. cxd3) 25... Rxh4 26. gxh4 {[%cal Rh4h5] White has a clear positional
advantage: a pair of bishops and two passed pawns} Bc4 (26... Bd5 27. h5 f5 (
27... f6 28. Bd3 $36) 28. h6 Kf7 29. h7 Nf6 30. d7 Rf8 31. Bg2 $18) 27. Bg2 $36
{[%cal Rg2b7] Placing the bishop on a more active diagonal} f6 {[%cal Re8f7,
Rf7g7]} (27... e5 28. h5 $36) 28. Bb7 Rb8 29. Bf3 $5 {[%cal Rf3h5,Yd1g1,Yg1g8]
No need to enter the unclear complications after 29.Ba6} (29. Bxa6 Nc5 30. Bxf6
Kd7 31. h5 Bd5 32. h6 Be4 33. Be5 Nxa6 34. Rd4 $44) 29... b4 (29... e5 30. Rg1
$36) 30. Bh5+ Kf8 31. Bd2 Kg7 32. Rg1+ {Activizing the rook. Black's position
becomes critical} Kh7 33. Rg4 $5 {[%cal Rg4b4]} (33. Bg6+ Kh8 34. h5 $36) 33...
Ne5 34. Rf4 {[%cal Rf4f6]} Kg7 35. b3 Bxb3 (35... Bd5 36. Bxb4 $16) 36. Rxb4 $1
{Going for a very favourable endgame. 36.cxb3 was not so clear} (36. cxb3 Nd3+
37. Kc2 Nxf4 38. Bxf4 Rd8 $132) 36... Rxb4 37. Bxb4 Ba4 38. Be2 Bb5 39. c4 $1
Bc6 (39... Bxc4 40. Bxc4 Nxc4 41. d7 $18) 40. Kd2 Ng6 $6 {40...Nd7 looks more
stubborn} (40... Nd7 41. c5 a5 42. Bxa5 Nxc5 43. Ke3 $16) 41. Bf3 $1 {Driving
the bishop off an important diagonal} Bd7 42. c5 {42.Bb7 is stronger,
capturing the a-pawn} (42. Bb7 $1 a5 43. Bxa5 Nxh4 44. c5 Nf5 45. c6 Nxd6 46.
Bc7 $18) 42... Ne5 43. Be2 Nc6 (43... Bb5 44. Bc3 Bxe2 45. Kxe2 Nc6 46. d7 $18
{[%cal Rc3a5]}) 44. Bc3 Bc8 45. Bg4 Kg6 46. Kc2 {[%cal Rc2b3,Rb3a4] White has
to activate his king in order to break black's defence} Bd7 47. Kb3 Nb8 (47...
f5 48. Be2 a5 49. Kc4 a4 50. Bd1 Nb8 51. Bd4 $18) 48. Bf3 (48. h5+ Kf7 49. Kb4
Nc6+ 50. Kc4 $18) 48... Bb5 49. Kb4 $18 {[%cal Rb4a5,Ra5b6]} e5 50. Ka5 {
Mission accomplished - the white king enters the opponent's camp} Kf5 51. h5
Ke6 52. h6 Kf7 53. Be4 Kg8 54. Bf5 (54. Bf5 Nd7 55. Bxd7 Bxd7 56. Kb6 $18) 1-0

[Event "Groningen Harmonie"]
[Site "Groningen"]
[Date "2003.12.23"]
[Round "3"]
[White "Kurnosov, Igor"]
[Black "Werle, Jan"]
[Result "1-0"]
[WhiteElo "2527"]
[BlackElo "2409"]
[Annotator "Gofshtein,L"]
[PlyCount "57"]
[EventDate "2003.12.21"]
[EventType "tourn"]
[EventRounds "9"]
[EventCountry "NED"]
[EventCategory "10"]
[SourceTitle "CBM 099"]
[Source "ChessBase"]
[SourceDate "2004.03.30"]
[SourceVersion "1"]
[SourceVersionDate "2004.03.30"]
[SourceQuality "1"]

1. e4 {[%mdl 4]} c5 2. Nf3 d6 3. d4 cxd4 4. Nxd4 Nf6 5. Nc3 Nc6 6. Bg5 e6 7.
Qd2 a6 8. O-O-O h6 9. Nxc6 bxc6 10. Bf4 d5 11. Qe3 Be7 12. Be2 Qa5 $6 {A
dubious move, which is probably the cause of black's problems. The usual 14...
0-0 deserves attention} (12... O-O $5 13. h4 (13. Qg3 Kh8 14. Bc7 Qd7 15. Be5
Ne8 16. exd5 exd5 17. Rhe1 Qb7 18. Bd3 Bf6 $132 {1-0 Gallagher,J-Vuilleumier,A/
Lenk 2003/CBM 93 ext (38)}) 13... Nd7 $5 14. Qg3 Kh8 15. Bc7 Qe8 16. Rhe1 Bb7
$132 {1-0 Bluvshtein,M-Krush,I/New York 2003/CBM 95 (56)}) 13. Qg3 $5 {White
prevents the castling, and creats threats to the black king} (13. Kb1 O-O 14.
e5 Nh7 15. h4 Rb8 $132 {0-1 Rosi,A-Sorsa,M/Finland 2000/EXT 2001 (27)}) (13.
exd5 $5 Nxd5 14. Nxd5 cxd5 15. Be5 O-O 16. Kb1 Bd7 17. Qg3 f6 18. Bf4 Kh7 19.
c4 Bc6 20. Bd3+ $36 {1-0 Kotronias,V-Carlsen,M/Gausdal 2002/CBM 87 ext (36)})
13... dxe4 {Because of the unsafe position of his king, black should have
prefered} (13... Rg8 14. Bd6 $36 {1-0 Iordachescu,V-Babaev,R/Saint Vincent
2003/CBM 92 ext (32)}) (13... Kf8 14. Be5 Ra7 15. f4 $36 {0-1 Kristjansson,
S-Thorhallsson,T/Strandgotu 2001/EXT 2002 (50)}) 14. Qxg7 Rg8 15. Qxh6 Ra7 $146
{[%mdl 8] In the only game played with this line, white could get a promising
position with the agressive 16.g4. In this game black tries to better the
variation but without much success} (15... Qf5 16. Bd6 $6 (16. g4 $1 Nxg4 17.
Bxg4 Qxg4 18. Nxe4 $36) 16... Nd5 17. Bxe7 Nxc3 18. bxc3 Kxe7 $132 {0-1 Nataf,
I-Te Llalemand,R/Cappelle la Grande 2000/CBM 74 ext (62)}) (15... Nd5 16. Nxd5
cxd5 17. Qh7 Rf8 18. Kb1 $36) 16. Bd6 $5 {By exchanging the dark squared
bishops white shows the weaknesses of black} Rb7 {[%cal Rb7b2] Black activizes
the rook and tries to get counterplay. He had other options which led to white
superiority. For example:} (16... Ng4 17. Qh7 Qg5+ 18. Kb1 Nf6 19. Bxe7 Rxe7
20. Qh3 $36) (16... Qg5+ 17. Qxg5 Rxg5 18. g4 $18) 17. Bxe7 Kxe7 18. Qf4 $1 {
[%csl Yd6][%cal Rf4d6,Rd1d6] White transfers the queen to a more attacking
position} e5 (18... Nd5 19. Qh4+ Kf8 20. a3 $36) 19. Qd2 {[%cal Rd2d6] By
creating threats over the d-file white tries to distract the rook from the
b-file. In case of 19...Rd7 the simple 20.Qe3 would follow attacking the pawn
e4} Qb4 20. b3 Qa3+ {Black tries to get counterplay. In case of a quiet play
white extra pawn and black's many weaknesses give white a serious advantage,
for example:} (20... Be6 21. g3 Nd5 22. Kb2 Nxc3 23. Qxc3 Qxc3+ 24. Kxc3 $16) (
20... Rd7 21. Qe3 Rxg2 22. Bc4 $36) 21. Kb1 Be6 {[%cal Re6b3,Rb7b3]} 22. f3 {
Opening the game in the center and trying to get to the black king} Rgb8 23.
Ka1 $5 {white decides not top risk himself and moves his king from the b-file,
as the analysis show 23.fe was possible} (23. fxe4 Bxb3 24. cxb3 Rxb3+ 25. axb3
Rxb3+ 26. Kc2 Rb2+ 27. Kd3) 23... e3 {Black tries to complicate matters by any
cost} 24. Qxe3 Rxb3 25. cxb3 Rxb3 26. Qd2 $18 {[%cal Rd2d8] By creating the
mate threat white easily handles black's attack} Nd7 27. Rc1 Nc5 28. Rhd1 Kf6
29. Ne4+ 1-0